<?xml version="1.0" encoding="UTF-8"?>
<record
    xmlns:xsi="http://www.w3.org/2001/XMLSchema-instance"
    xsi:schemaLocation="http://www.loc.gov/MARC21/slim http://www.loc.gov/standards/marcxml/schema/MARC21slim.xsd"
    xmlns="http://www.loc.gov/MARC21/slim">

  <leader>00988nam a22001937a 4500</leader>
  <controlfield tag="003">BDDh-ASL</controlfield>
  <controlfield tag="005">20241022113515.0</controlfield>
  <controlfield tag="008">201114s2012    bg ||||| |||| 00| 0 b   d</controlfield>
  <datafield tag="040" ind1=" " ind2=" ">
    <subfield code="a">BDDh-ASL</subfield>
    <subfield code="c">BDDh-ASL</subfield>
    <subfield code="d">BDDh-ASL</subfield>
  </datafield>
  <datafield tag="041" ind1=" " ind2=" ">
    <subfield code="a">bengali </subfield>
  </datafield>
  <datafield tag="082" ind1=" " ind2=" ">
    <subfield code="a">910</subfield>
    <subfield code="b">KHP</subfield>
  </datafield>
  <datafield tag="100" ind1="1" ind2=" ">
    <subfield code="a">&#x996;&#x9CB;&#x995;&#x9A8;, &#x9B2;&#x9BF;&#x9AF;&#x9BC;&#x9BE;&#x995;&#x9A4; &#x9B9;&#x9CB;&#x9B8;&#x9C7;&#x9A8; </subfield>
    <subfield code="9">7733</subfield>
  </datafield>
  <datafield tag="245" ind1="0" ind2="0">
    <subfield code="a">&#x9AA;&#x9C3;&#x9A5;&#x9BF;&#x9AC;&#x9C0; &#x9AD;&#x9CD;&#x9B0;&#x9AE;&#x9A3; /</subfield>
    <subfield code="c">&#x9B2;&#x9BF;&#x9AF;&#x9BC;&#x9BE;&#x995;&#x9A4; &#x9B9;&#x9CB;&#x9B8;&#x9C7;&#x9A8; &#x996;&#x9CB;&#x995;&#x9A8;&#x964; </subfield>
  </datafield>
  <datafield tag="246" ind1=" " ind2=" ">
    <subfield code="a">Prithibi Bhraman</subfield>
  </datafield>
  <datafield tag="260" ind1=" " ind2=" ">
    <subfield code="a">&#x9A2;&#x9BE;&#x995;&#x9BE;: </subfield>
    <subfield code="b">&#x9AC;&#x9BE;&#x982;&#x9B2;&#x9BE; &#x98F;&#x995;&#x9BE;&#x9A1;&#x9C7;&#x9AE;&#x9C0;,</subfield>
    <subfield code="c">&#x9E8;&#x9E6;&#x9E7;&#x9E8;&#x964; </subfield>
  </datafield>
  <datafield tag="300" ind1=" " ind2=" ">
    <subfield code="a">&#x9EA;&#x9E9;&#x9EC; &#x9AA;&#x9C3;&#x9B7;&#x9CD;&#x9A0;&#x9BE;: </subfield>
    <subfield code="c">&#x9E8;&#x9EA; &#x9B8;&#x9C7;.&#x9AE;&#x9BF;.&#x964;</subfield>
  </datafield>
  <datafield tag="650" ind1=" " ind2="0">
    <subfield code="a">Travel, Travelouge, &#x9AD;&#x9CD;&#x9B0;&#x9AE;&#x9A3;&#x995;&#x9BE;&#x9B9;&#x9BF;&#x9A8;&#x9C0;, Bhrama&#x1E47;ak&#x101;hin&#x12B;, &#x9AD;&#x9CD;&#x9B0;&#x9AE;&#x9A3;, Bhrama&#x1E47;a, &#x9AA;&#x9B0;&#x9CD;&#x9AF;&#x99F;&#x9A8;, travel, tour, journey, excursion, peregrination, pathway, &#x9AA;&#x9B0;&#x9BF;&#x9AD;&#x9CD;&#x9B0;&#x9AE;&#x9A3; &#x995;&#x9B0;&#x9BE;, Travel Guide, &#x9AD;&#x9CD;&#x9B0;&#x9AE;&#x9A3; &#x9B8;&#x9BE;&#x9B9;&#x9BE;&#x9AF;&#x9CD;&#x9AF;&#x995;&#x9BE;&#x9B0;&#x9C0;, Bhrama&#x1E47;a s&#x101;h&#x101;yyak&#x101;r&#x12B;</subfield>
    <subfield code="9">7139</subfield>
  </datafield>
  <datafield tag="942" ind1=" " ind2=" ">
    <subfield code="2">ddc</subfield>
    <subfield code="c">BK</subfield>
  </datafield>
  <datafield tag="952" ind1=" " ind2=" ">
    <subfield code="0">0</subfield>
    <subfield code="1">0</subfield>
    <subfield code="2">ddc</subfield>
    <subfield code="4">0</subfield>
    <subfield code="7">0</subfield>
    <subfield code="8">NFIC</subfield>
    <subfield code="a">ASL</subfield>
    <subfield code="b">ASL</subfield>
    <subfield code="c">GEN</subfield>
    <subfield code="d">2024-10-22</subfield>
    <subfield code="e">Donated by Prof. (Dr.) M. Abdul Qayyum &amp; Dr. Razia Sultana</subfield>
    <subfield code="l">0</subfield>
    <subfield code="o">910 KHP</subfield>
    <subfield code="p">125559</subfield>
    <subfield code="r">2024-10-22 00:00:00</subfield>
    <subfield code="t">C-1</subfield>
    <subfield code="w">2024-10-22</subfield>
    <subfield code="y">BK</subfield>
    <subfield code="z">Y-2012</subfield>
  </datafield>
  <datafield tag="999" ind1=" " ind2=" ">
    <subfield code="c">34561</subfield>
    <subfield code="d">34561</subfield>
  </datafield>
</record>
